| 000 | 00830nas a2200265 4500 | ||
|---|---|---|---|
| 001 | BR2014004265 | ||
| 003 | BR-BrBNA | ||
| 005 | 20231205124229.0 | ||
| 007 | ta | ||
| 008 | 230509b bl.|||p| |||| 00| 00por d | ||
| 040 |
_aBR-BrBNA _bpor _cBiblioteca Nacional de Agricultura |
||
| 041 | _a(Pt) | ||
| 072 | _aK10; P01 | ||
| 100 | 1 | _aAyres, M.C.R. | |
| 100 | 1 | _aTarga, L.A. | |
| 100 | 1 | _aPeixoto, P.P.P. | |
| 245 | 1 | _aInfluência do sombreamento natural da sibipiruna (Caelsalpinia peltophoroides)na temperatura de edificações | |
| 650 | _aARBORIZAÇÃO | ||
| 650 | _aVEGETAÇÃO | ||
| 650 | _aMICROCLIMA | ||
| 650 | _aURBANIZAÇÃO | ||
| 773 | 0 |
_tEnergia na Agricultura (Brazil) _xISSN 1808-8759 _g(Jan-Mar 2005), V. 20(1) p. 62-76 _wBR2014004265 |
|
| 909 |
_a202311 _bLúcia _c55 _dLúcia Elande |
||
| 942 |
_2AGRIS _n0 _cANA |
||
| 999 |
_c237992 _d237992 |
||